Kader Deutschland beim FIFA Confederations Cup 2005 - Statistiken

Allgemein
  • Dieses Quiz wurde 41 mal gespielt
  • Das Durchschnittsergebnis liegt bei 15 aus 24
Antwortstatistiken
Position Nr. Verein Antwort % Korrekt
Tor 1 FC Bayern München Oliver Kahn
100%
Tor 12 Arsenal FC Jens Lehmann
97%
Mittelfeld 20 1. FC Köln Lukas Podolski
87%
Mittelfeld 13 FC Bayern München Michael Ballack
87%
Tor 23 VfB Stuttgart Timo Hildebrand
87%
Abwehr 3 Hertha BSC Arne Friedrich
84%
Abwehr 17 Hannover 96 Per Mertesacker
84%
Mittelfeld 8 FC Bayern München Torsten Frings
84%
Mittelfeld 7 FC Bayern München Bastian Schweinsteiger
81%
Mittelfeld 19 Bayer 04 Leverkusen Bernd Schneider
77%
Trainer Jürgen Klinsmann
77%
Sturm 22 VfB Stuttgart Kevin Kuranyi
77%
Abwehr 4 Chelsea FC Robert Huth
77%
Mittelfeld 18 SV Werder Bremen Tim Borowski
77%
Sturm 9 FC Schalke 04 Mike Hanke
68%
Sturm 14 FC Schalke 04 Gerald Asamoah
58%
Mittelfeld 16 Aston Villa FC Thomas Hitzlsperger
55%
Abwehr 2 VfB Stuttgart Andreas Hinkel
48%
Mittelfeld 10 FC Bayern München Sebastian Deisler
42%
Abwehr 5 DSC Arminia Bielefeld Patrick Owomoyela
26%
Abwehr 21 SV Werder Bremen Christian Schulz
23%
Sturm 11 VfL Wolfsburg Thomas Brdaric
23%
Mittelfeld 15 SV Werder Bremen Fabian Ernst
16%
Mittelfeld 6 1. FC Kaiserslautern Marco Engelhardt
10%
Keine übereinstimmenden Quizze gefunden
Verteilung der Resultate
Anzahl Personen mit jedem Resultat
Perzentil nach korrekt beantworteten Fragen
Ihre Resultats-Entwicklung
Sie haben dieses Quiz noch nicht gespielt